[Event "SUI-chT"]
[Site "Switzerland"]
[Date "2019.10.19"]
[Round "8.5"]
[White "Brunner, Lucas"]
[Black "Edouard, Romain"]
[Result "0-1"]
[WhiteElo "2452"]
[BlackElo "2640"]
[Annotator "Edouard,R"]
[PlyCount "66"]
[EventDate "2019.03.10"]
[EventType "team-tourn"]
[EventRounds "9"]
[EventCountry "SUI"]
[SourceTitle "CBM 193 Extra"]
[Source "ChessBase"]
[SourceDate "2020.01.31"]
[SourceVersion "1"]
[SourceVersionDate "2020.01.31"]
[SourceQuality "1"]
[WhiteTeam "Zuerich"]
[BlackTeam "Geneve"]
[WhiteTeamCountry "SUI"]
[BlackTeamCountry "SUI"]

1. c4 e5 2. g3 Nf6 3. Bg2 c6 4. d4 (4. Nf3 {is the most critical move, I
believe.}) 4... e4 $5 (4... exd4 {is a very reliable alternative.} 5. Qxd4 d5 (
5... Na6 $5 6. Nf3 Bc5 7. Qe5+ Be7 8. O-O O-O {is also very solid.}) 6. Nf3 (6.
cxd5 cxd5 7. Nf3 Nc6 8. Qe3+ Be7 {The white queen is misplaced on e3.} 9. O-O
O-O 10. Rd1 Re8 11. Qb3 Bc5 12. Nc3 Qb6 $11 {0-1 (66) Cuevas,A (2288)-Caruana,
F (2817) chess.com 2017}) 6... Be6 (6... dxc4 7. Qxd8+ Kxd8 8. O-O $36) (6...
c5 $3 7. Qe5+ Be6 8. Ng5 $16) (6... Be7 7. cxd5 Qxd5 $5 8. Nc3 Qxd4 9. Nxd4 O-O
{is also quite solid for Black: 0-1 (57) Kovalenko,I (2674)-Bocharov,I (2557)
St Petersburg 2019.}) 7. cxd5 cxd5 8. Be3 (8. O-O Nc6 9. Qd3 Bc5 10. Nc3 d4 11.
Na4 Be7 12. b3 Bd5 13. Bb2 Be4 14. Qb5 a6 $1 15. Qxb7 Ra7 16. Qb6 Qa8 17. Bxd4
$2 (17. Rfc1 Nd7 18. Ne5 $1 Bxg2 19. Nxd7 Rb7 20. Kxg2 Rxb6 21. Ndxb6 Qb7 $11)
17... Nd7 18. Qxa7 Nxa7 19. Bxg7 Rg8 20. Bb2 Nb5 21. Rac1 $17 {A fun game! 0-1
(28) Yevseev,D (2514)-Romanov,E (2626) Krakow 2017}) 8... Nc6 9. Qa4 Bb4+ 10.
Nbd2 O-O 11. O-O d4 $5 {Not obligatory at all.} 12. Bg5 h6 (12... Bd5 $5 13. a3
Bxd2 $5 14. Bxd2 Re8 $11) 13. Bxf6 Qxf6 14. Ne4 Qf5 15. a3 Qxe4 16. axb4 d3 17.
b5 Qxa4 18. Rxa4 dxe2 19. Re1 Ne7 20. Nd4 $14 {½-½ (64) Vallejo Pons,F (2710)
-Inarkiev,E (2727) Moscow 2017}) 5. Nc3 (5. d5 $6 Bb4+ 6. Bd2 Qe7 {would give
Black very reasonable play.}) 5... d5 6. Bg5 (6. cxd5 {It is crucial for White
to exchange a pair of pawns on d5 at some point. The main line goes:} cxd5 7.
Bg5 Bb4 8. Rc1 Nbd7 $5 9. Nh3 (9. Qb3 Bxc3+ 10. Qxc3 O-O 11. Qc7 Qxc7 12. Rxc7
h6 13. Bxf6 Nxf6 14. e3 Rb8 15. Ne2 Bd7 16. f3 exf3 17. Bxf3 Bc6 $11 {½-½ 
(35) Jones,G (2661)-Edouard,R (2659) London 2014}) 9... h6 10. Bxf6 (10. Bf4 $5
O-O 11. O-O Nb6 $1 12. Qb3 Bxc3 13. Qxc3 Bf5 14. f3 Rc8 $13 {0-1 (74) Moroni,L
(2559)-David,A (2555) Salerno 2018}) (10. Bd2 Bxc3 11. Bxc3 (11. Rxc3 O-O 12.
O-O Nb8 $1 $11) 11... O-O 12. O-O (12. Bb4 Re8 13. O-O Nb8 $1 $11) 12... a5 $5
13. f3 Re8 $13) 10... Bxc3+ 11. Rxc3 Nxf6 12. O-O O-O 13. Qc2 ({White has to
watch out for one trick:} 13. Qb3 $6 Bf5 14. Rfc1 $4 (14. Qxb7 $6 Rb8 15. Qxa7
Rxb2 $15) 14... Qd7 $1 15. Nf4 (15. Rc7 Rac8 $1 $19) 15... g5 $1 16. Rc7 Rac8
$1 17. Qxb7 (17. Rxd7 Rxc1+ 18. Bf1 gxf4 $19 {/\...Bh3}) 17... gxf4 18. Qxa7
Rxc7 19. Rxc7 Qb5 $19 {0-1 (24) Piorun,K (2638)-Degraeve,J (2592) Chartres 2017
}) 13... Bf5 14. Rc1 Qd7 15. Rc7 Rac8 $11) 6... Bb4 7. Qb3 $6 ({It was still
time for} 7. cxd5 {although now} Bxc3+ $5 {may come into consideration.}) 7...
Bxc3+ 8. bxc3 (8. Qxc3 O-O 9. e3 h6 {is easier to play for Black.}) 8... Nbd7
9. cxd5 cxd5 10. f3 (10. e3 h6 11. Bxf6 Nxf6 12. Ne2 O-O $15 {1/2-1/2 (39)
Topalov, V-Deep Fritz 8, Salamanca 2004}) 10... h6 11. Bxf6 (11. Bc1 O-O {
with the idea ...Nb6, with excellent play for Black.} (11... Nb6 $5 12. Ba3 Qc7
$132)) 11... Nxf6 12. Nh3 O-O (12... exf3 13. exf3 Qe7+ 14. Kf2 {doesn't bring
Black anything.}) 13. O-O e3 $5 (13... b6 {was my initial idea, but I did not
want to allow} 14. fxe4 dxe4 (14... Nxe4 $6 15. Nf4 $14) 15. Nf2 Re8 16. e3 {
that I assessed as unclear. After the text move, at least the f-file is closed.
}) 14. Nf4 b6 $5 (14... Re8 {would prevent c4, and after} 15. Nd3 Bf5 16. Ne5
Re7 {Black's position would be quite good.}) 15. c4 Re8 $5 {An interesting
temporary pawn sacrifice.} (15... dxc4 16. Qxe3 g5 17. Nh3 Re8 18. Qf2 b5 $15)
16. Nxd5 Nxd5 17. cxd5 Ba6 18. Rfc1 $5 (18. Rfe1 Rc8 {with the idea ...Bb4, is
more fun to play as Black!}) 18... Rc8 $6 {This is a little too much.} ({
Reasonable was} 18... Bxe2 19. Re1 Ba6 20. Rxe3 Rxe3 21. Qxe3 Bc4 $15) 19. Kf1
Qd7 20. Rxc8 (20. a4 $1 {with the idea a5 was bothering me for good reasons. I
do not manage to keep my active bishop on a6 - or at least it has a price -
which I do not like. The position should nevertheless be about equal.}) (20. f4
$2 Qg4 $17) 20... Qxc8 21. Qb2 $6 ({It was the only moment to play} 21. f4 $1 {
although after} Bc4 22. Qc2 b5 {I liked my position very much, despite the
engine assessing it as equal.}) 21... Qf5 22. Rc1 $2 (22. Qb3 $1 {was the only
way to hold the position.}) 22... Qxd5 23. Rc7 Kh8 $6 {Not the best - but a
smart move against Qb3, as of course White dreams of a queens' exchange here.}
(23... Qa5 $1 {(threatening ...Qd2)} 24. Rc2 g5 {was objectively stronger.}) (
23... Rd8 $2 24. Re7 {is what White dreams of. Black should definitely keep
his e3-pawn.}) 24. a4 $2 ({White could have saved the game in a spectacular
fashion:} 24. f4 $1 Qh5 25. Qc2 $1 (25. h3 $2 Qg6 26. g4 Qf6 $19) 25... Qxh2
26. Qc6 $1 Re6 27. Qa8+ Kh7 28. Be4+ Rg6 29. Bxg6+ fxg6 30. Rxg7+ $1 Kxg7 31.
Qxa7+ {with perpetual check.}) (24. Rxa7 $2 {loses right away to} Qa5 $1 {
threatening ...Qd2.}) 24... Qa5 {An improved version of 23...Qa5: now the
a4-pawn hangs.} 25. Qc1 (25. Rc2 Qxa4 $19) 25... Qd2 26. Qe1 Qxd4 27. Bh3 Qd5
$2 {Allowing White his only defensive resource.} (27... Rd8 28. Rxa7 Bxe2+ $1
$19) 28. Bd7 $8 Rd8 $1 (28... Re7 $2 29. Bc6 {isn't so clear.}) (28... Qxf3+ $2
29. Kg1 Qf2+ 30. Qxf2 exf2+ 31. Kxf2 Rxe2+ 32. Kg1 {also gives White fine
drawing chances.}) 29. Bb5 Qh5 $5 (29... Bxb5 30. axb5 Qxb5 31. Rxa7 Rd2 {
should also be winning, but I liked to include ...Qh5 first.}) 30. Kg2 $6 (30.
h4 $1 {was necessary, to keep the white king on f1.}) (30. Kg1 $6 Bxb5 31. axb5
Qxb5 32. Rxa7 Rd2 33. Kf1 {wins a tempo compared to the 29...Bxb5 30.axb5 Qxb5
line.}) 30... Bxb5 31. axb5 Qxb5 32. Rxf7 $3 (32. Rxa7 Rd2 33. Kf1 Qd5 34. Ra1
b5 {is an easy win.}) 32... Rd2 $1 33. Kf1 (33. Qa1 Rxe2+ $1 {The simplest.}
34. Kg1 Rb2 $19) 33... Qb3 {Even if White removes his king from the 1st rank,
33...Rd1 will still trap the white queen.} 0-1

[Event "EU-chT 22nd"]
[Site "Batumi"]
[Date "2019.10.26"]
[Round "3.9"]
[White "Bosiocic, Marin"]
[Black "Edouard, Romain"]
[Result "1-0"]
[WhiteElo "2619"]
[BlackElo "2641"]
[Annotator "Edouard,R"]
[PlyCount "87"]
[EventDate "2019.10.24"]
[EventType "team-swiss"]
[EventRounds "9"]
[EventCountry "GEO"]
[SourceTitle "CBM 193"]
[Source "ChessBase"]
[SourceDate "2019.12.31"]
[SourceVersion "1"]
[SourceVersionDate "2019.12.31"]
[SourceQuality "1"]
[WhiteTeam "Croatia"]
[BlackTeam "France"]
[WhiteTeamCountry "CRO"]
[BlackTeamCountry "FRA"]

1. c4 e5 2. d3 Nf6 3. Nf3 Bb4+ $5 {Black plays a Moscow System a tempo down,
which should be enough to more or less equalize.} 4. Nbd2 Nc6 $5 {One moves
out of many - see my article on the 2.d3 System to be published in CBM194.} 5.
a3 Bxd2+ 6. Bxd2 e4 7. dxe4 Nxe4 8. Be3 {White logically keeps his
dark-squared bishop, otherwise his advantage can only be very minimal.} (8. g3
Qf6 9. Qc2 Nxd2 10. Qxd2 d6 11. Bg2 O-O 12. O-O a5 $11) 8... d6 9. g3 O-O 10.
Bg2 a5 (10... Re8 11. b4 {would be another story - White might be a little
better there.}) 11. O-O $6 (11. b4 $1 {was critical, after} axb4 12. axb4 {
Black may take a pawn with} Nc3 $5 ({but not} 12... Rxa1 13. Qxa1 Nxb4 $4 {
losing a piece to} 14. Qb1) 13. Qc1 Na2 14. Qd2 Ncxb4 15. O-O {but the black
knights are awkward and White definitely has great compensation.}) 11... a4 (
11... Re8 $5) 12. Qc2 Re8 13. Rad1 Qe7 {Black got a perfect setup and
definitely doesn't have any problem.} 14. Rd5 Nf6 (14... h6 $5 {was also fine,
avoiding h2-h3 (as in the game) due to ...Nxg3.}) 15. Rb5 $6 {White is
overdoing it, probably having no choice due to the match situation. But it
only looks like White is trying to be worse!} h6 16. h3 $5 b6 $5 (16... Ne4 {
was also possible, and after} 17. g4 Na5 $1 {followed with ...Bd7 trapping the
b5-rook. Black has a safe position and slight advantage.}) (16... Na5 $5 {
right away was also good, if} 17. Qxa4 {then} Bd7 {trapping the exchange. After
} 18. Qc2 Bxb5 19. cxb5 Qe4 20. Rc1 c5 21. bxc6 Nxc6 {the position shouls be
about equal.}) (16... Nd8 17. c5 Bd7 18. cxd6 cxd6 19. Rb4 Nd5 20. Ng5 Nf6 21.
Nf3 {[%eval 0,36]}) 17. g4 Ne4 {Deciding to repeat moves, thing I did not have
to.} (17... Bd7 18. g5 {gives White no serious attack:} hxg5 19. Rxg5 (19. Nxg5
Ra7 $15 {/\...Ne5}) 19... Ra5 $15) 18. Rd5 Nf6 19. Rb5 Ne4 20. g5 h5 21. Nd2
Nxd2 22. Qxd2 Bd7 23. g6 {This was all more or less forced. Now I had a choice
between the "safe" 23...Ne5, exchanging many pieces, and the risky 23...fxg6.
I misjudged the position and considered I had a clear avantage chosing the
second option.} fxg6 $6 (23... Ne5 {and a draw is very likely:} {Houdini 5.01
Pro x64-pext: 1)} 24. gxf7+ (24. Bg5 $5 Qe6 25. gxf7+ Qxf7 26. Rxe5 dxe5 27.
Bxa8 Rxa8 28. Qd5 Qxd5 29. cxd5 Bxh3 30. Rc1 $11) 24... Qxf7 25. Bxa8 Rxa8 26.
Qd5 Re8 27. Qxf7+ Kxf7 28. Rd5 Bxh3 29. Rc1 {and White's position can't be
more than equal.}) 24. Rg5 Qf6 25. Bd5+ Kh8 26. f4 $1 {The move I had
underestimated. Suddenly the threat f5 is devastastig.} Rxe3 $1 {The correct
reaction.} 27. Qxe3 Re8 28. Qd3 Qd4+ $2 (28... Ne7 $1 {- getting rid off
White's monster bishop on d5 - and the position would remain unclear.}) 29. Kg2
$2 (29. Rf2 $1 {was bothering me much more.}) 29... Qxd3 30. exd3 Nd4 31. Rf2
Bf5 $2 {Natural but wrong - this move makes White's life too easy.} (31... Re3
32. Rg3 Re1 33. Rxg6 Bf5 34. Rg5 g6 {and Black should be able to make a draw.})
32. Bf7 Re3 33. Rg3 Rxd3 34. Rxd3 Bxd3 35. Rd2 Be4+ 36. Kf2 c5 37. h4 $2 (37.
Rd1 $18) 37... Kh7 $4 ({I got a chance to play} 37... Bc2 $1 {and to
"paralyze" White's pieces. Obviously, "paralyze" is a big word as White should
still be winning, but it won't be a talk in the park, especially compared to
the game...}) 38. Ke3 Bc6 39. Rxd4 {Obviously, with such king on h7, te game
is over.} cxd4+ 40. Kxd4 Kh6 41. Bd5 Bd7 42. Be4 $1 {A good square for the
bishop - better than g8. Black isn't even able to play ...g5 and ...Kg6 to
seek for counterplay.} Be8 43. Bc2 (43. Kd5 Bf7+ 44. Kxd6 Bxc4 45. Kc7 b5 46.
Kc6 {is also hopeless for Black.}) 43... Kh7 44. Kd5 1-0

[Event "EU-chT (Men) 21st"]
[Site "Heraklion"]
[Date "2017.10.29"]
[Round "2.1"]
[White "Aronian, Levon"]
[Black "Papaioannou, Ioannis"]
[Result "1-0"]
[WhiteElo "2801"]
[BlackElo "2652"]
[Annotator "Fernandez,D"]
[PlyCount "81"]
[EventDate "2017.10.28"]
[EventType "team-swiss"]
[EventRounds "9"]
[EventCountry "GRE"]
[SourceTitle "CBM 182"]
[Source "ChessBase"]
[SourceDate "2018.01.17"]
[SourceVersion "1"]
[SourceVersionDate "2018.01.17"]
[SourceQuality "1"]
[WhiteTeam "Armenia"]
[BlackTeam "Greece"]
[WhiteTeamCountry "ARM"]
[BlackTeamCountry "GRE"]
[WhiteClock "0:22:58"]
[BlackClock "0:30:35"]

{This was for me one of the most eye-catching games of the recently concluded
2nd round, for its outplaying, fight-back and goalmouth scramble phases...} 1.
c4 e5 2. g3 c6 3. Nf3 e4 4. Nd4 {Home-made chess it is then!} d5 5. cxd5 Qxd5
6. Nc2 Nf6 7. Nc3 Qh5 8. Ne3 Bc5 9. Qc2 Qe5 10. Bg2 Bxe3 11. fxe3 Bf5 12. b4 (
12. O-O O-O 13. b3 Nbd7 14. Bb2 Qe6 15. Rxf5 Qxf5 16. Nxe4 {1-0 (51) Anand,V 
(2791)-Adams,M (2745) Shamkir 2015}) 12... O-O 13. Bb2 Nbd7 14. O-O Qe6 15. b5
Bg6 16. Qb3 Nd5 17. Rac1 N7f6 18. Nxd5 Nxd5 19. Rc5 $16 Rfd8 20. bxc6 bxc6 21.
Qc4 Rac8 22. Rc1 h5 23. Rxc6 Rxc6 24. Qxc6 Qg4 25. Qb5 h4 $1 {Black is
managing to get a little play.} 26. gxh4 Qxh4 27. Bd4 Kh7 28. Rf1 (28. Bxa7 Nf6
$1 {illustrates why White has to keep sight of the f6-square...} 29. Bd4 Rxd4
30. exd4 e3 $3 31. d3 (31. dxe3 Ng4 32. Qb8 Qf2+ 33. Kh1 Qxe3 $11) 31... Qf2+
32. Kh1 Qxe2 $14) 28... Qg4 29. Rf2 (29. Bxa7 {This was probably the moment to
take the pawn.}) 29... Qe6 30. Qb1 Nf6 31. Qb3 (31. Bxf6 gxf6 {and White is
terribly placed to defend the d2-pawn.}) 31... Qe7 32. Rf1 Ng4 33. h3 Nh6 34.
Rf4 Qg5 35. Bc3 Qg3 36. Qb7 Bf5 $1 37. Qe7 Rb8 38. Rf1 f6 $4 {And suddenly, it
ends. After a glorious rearguard action against one of the world's absolute
best players, the Greek GM blunders a pawn...} (38... Be6 $1 {would have left
everything to play for.} 39. Kh1 Nf5 40. Qc5 Nh4 {and Black could even have
winning chances...}) 39. Bxf6 Qg6 40. Bc3 Rb5 41. Qh4 1-0

[Event "EU-Cup 35th"]
[Site "Budva"]
[Date "2019.11.10"]
[Round "1.2"]
[White "Shankland, Samuel L"]
[Black "Burg, Twan"]
[Result "1-0"]
[WhiteElo "2679"]
[BlackElo "2536"]
[Annotator "Ftacnik,L"]
[PlyCount "63"]
[EventDate "2019.11.10"]
[EventType "team-swiss"]
[EventRounds "7"]
[EventCountry "MNE"]
[SourceTitle "CBM 193 Extra"]
[Source "ChessBase"]
[SourceDate "2020.01.31"]
[SourceVersion "1"]
[SourceVersionDate "2020.01.31"]
[SourceQuality "1"]
[WhiteTeam "Alkaloid"]
[BlackTeam "Mosan Echiquier"]
[WhiteTeamCountry "MKD"]
[BlackTeamCountry "NED"]

{[%evp 0,63,39,-11,-17,-51,-40,-30,-20,-20,-22,-37,-20,-4,1,-16,-13,-8,-8,-11,
-19,-40,21,20,17,6,52,19,19,88,138,137,137,176,149,137,152,134,182,177,168,143,
134,125,134,136,129,130,136,151,150,149,148,153,156,144,167,165,181,167,189,
202,309,314,29999,-30000]} 1. c4 e5 2. g3 Nf6 3. Bg2 d5 4. cxd5 Nxd5 5. Nf3 Nc6
6. O-O Nb6 7. b3 {The position is actually a Dragon variation with colours
reversed and an extra tempo for Black (now White). It is not easy to convert
this extra tempo into an advantage. Shankland will try an original and
venomous setup.} Be7 8. Bb2 f6 9. Nc3 O-O 10. Qc1 (10. Rc1 Be6 (10... a5 11. d4
Nxd4 12. Nxd4 exd4 13. Ne4 d3 14. e3 c6 15. Rc3 Bf5 16. Rxd3 Qc7 17. Qf3 Bg6
18. Rc1 a4 19. h4 $11 {1-0 (43) Iturrizaga Bonelli,E (2597)-Szczepkowska,K 
(2412) Salamanca 2019}) 11. Ne4 (11. d4 Nxd4 12. Nxd4 exd4 13. Ne4 d3 14. exd3
Qd7 15. Re1 c6 16. Qh5 Nd5 17. a3 $2 (17. Nc3 $11) 17... Bg4 18. Qh4 h5 19. f4
Qd8 $17 {1/2-1/2 (76) Kovalenko,I (2659)-Petrosyan,M (2553) Martuni 2017})
11... Bd5 (11... a5 12. d4 Bd5 13. Nc3 e4 14. Nxd5 Nxd5 15. Nd2 f5 16. a3 Bf6
17. e3 Nce7 18. Nc4 c6 19. g4 g6 20. Kh1 $14 {1/2-1/2 (105) Nabaty,T (2650)
-Martirosyan,H (2544) Martuni 2017}) (11... Qd7 12. d4 exd4 13. Nxd4 Nxd4 14.
Qxd4 Rad8 15. Nc5 Bxc5 16. Qxc5 c6 17. Qc2 Qd2 18. Bc3 Qxc2 19. Rxc2 Rfe8 20.
Rfc1 Bf5 21. Rb2 $14 {1/2-1/2 (71) Tregubov,P (2589)-Flom,G (2448) Bastia 2017}
) 12. Qc2 Nb4 13. Qb1 Nxa2 14. Nxf6+ Bxf6 15. Qxa2 e4 16. Nd4 Qd7 17. Qb1 Rae8
18. e3 c6 19. Ne2 Bxb2 20. Qxb2 Bf7 21. Nc3 Bg6 $11 {1/2-1/2 (45) Topalov,V 
(2754)-Giri,A (2790) Stavanger 2016}) 10... f5 11. Rd1 Be6 {Black understands
the perils of an early advance to the enemy territory with premature 11...e4.
The main rule is to compare the level of piece development which clearly
favours White.} (11... e4 12. Ne1 Re8 13. e3 Nd5 14. Nxd5 Qxd5 15. d3 $14) 12.
d3 (12. d4 e4 (12... exd4 $6 13. Nb5 $16) 13. Ne5 Nb4 $11) 12... a5 13. Qe3 (
13. Nb5 Bf6 $1 (13... Qd7 14. Na3 Bf6 15. Ng5 Bxg5 16. Qxg5 h6 17. Qc1 $14) 14.
e4 fxe4 15. dxe4 Qc8 $11) 13... Bf6 $2 {The early foray of White's queen into
the center should have caused alarm in the enemy perception. The banal defense
of e5 pawn simply fails, it was necessary to engage imagination and find 13...
Qd6!.} (13... Qd6 $1 14. Nb5 Nd5 15. Qc1 Qd7 16. Na3 a4 (16... f4 17. Nc4 Nd4
18. Re1 Nxf3+ 19. Bxf3 c6 20. Nxe5 $14) 17. Nc4 e4 18. dxe4 fxe4 19. Nd4 Nxd4
20. Bxd4 Bf5 $14) 14. Nxe5 $1 {[%mdl 4] Nimzowitsch has always enjoyed
appreciating the moments when the enemy stronghold crumbles under the spirited
attack. White damages the heart of Black's setup, and the defender will never
recover.} Bxe5 (14... Nxe5 15. d4 Qd6 16. dxe5 Qxe5 17. Qxe5 Bxe5 18. Bxb7 Rab8
19. Ba6 Nc4 20. Bxc4 Bxc4 21. Rac1 $16) 15. Bxc6 bxc6 {I want to appologize
for the urge to use the expression "poor man's solution". Burg is resigning to
the chance of fighting the enemy with every part of his army. Much more
spirited was the idea of 15...Qf6!?} (15... Qf6 $5 16. Bxb7 f4 17. Qf3 Bxc3 18.
Bxc3 Qxc3 19. Bxa8 Rxa8 20. gxf4 Qf6 21. Rac1 Nd5 22. f5 $16) 16. Qxe5 Qd7 17.
Qf4 (17. Rdc1 Rfe8 (17... a4 $2 18. Nb5 $1) 18. Qf4 Qd6 19. Na4 Qxf4 20. gxf4
Nxa4 21. bxa4 Bd5 22. Be5 g5 23. Rc2 gxf4 24. Bxf4 Rab8 25. f3 Rb4 26. e4 $16)
17... a4 18. Ba3 (18. Nxa4 Nxa4 19. bxa4 c5 20. Qe3 Rxa4 21. Qxc5 $16) 18...
Rf7 $6 {It is probably a suitable time to remind every chess player of the
main rule in middlegame chess - play well with the pieces! Well located forces
are much more important than pawns or anything else.} (18... Rfe8 $5 19. Nxa4 (
19. Bc5 axb3 20. axb3 Rxa1 21. Rxa1 Nd5 $16) 19... Bf7 20. Rd2 $16) 19. bxa4 h6
20. Rdc1 Nd5 (20... c5 21. Bxc5 Nxa4 22. Qd4 Nxc3 23. Rxc3 Rxa2 24. Rxa2 Bxa2
25. f3 $16) 21. Nxd5 cxd5 22. Bb2 Rxa4 23. Bd4 {In this position with
opposite-coloured bishop, the disparity in their activity is simply striking.
White has an extra pawn and better pieces, Black is in for some serious
suffering.} Kh7 (23... Qe7 24. e3 Qd6 25. a3 $16) 24. Rc3 c6 25. a3 Re7 (25...
g5 26. Qe5 Qe8 27. Rb1 Bd7 28. Rb8 Qxe5 29. Bxe5 $16) 26. Rac1 Ra6 (26... Qe8
$5 27. e3 Bd7 28. Rb1 $16) 27. h4 Re8 28. Rb1 Qf7 29. Qd6 f4 $2 {Let us be
honest about defense - it is not a pleasant task for any player. The really
good fighters are able to suffer for a long time without blinking, but do not
expect this from mere mortals. Black loses his nerve and even willingly falls
on the sword 2 moves later ...} (29... Qd7 $16) 30. Qxf4 Qh5 31. Rb7 Kg6 $2 (
31... Rg8 32. f3 $18) 32. Rxg7# 1-0